00592nam a2200169 a 450000500170000000800410001702000180005805000260007610000200010224500630012226000380018530000080022344000190023165000330025099900190028395201200030220140412111431.0130611s19uu xx 00 eng d a9780328700882 aTR(GS 372bF716 201_? aForesman, Scott aReader's and writer's Notebook:bGrade three (3) Volume 1. aUSA :bPearson Education,c201_?. a246 aReading Street aReasding-Study and teaching. c106374d106374 00104050aELbELcTRd2013-06-11eLib. Fundl0oTR(GS 372 F716 201_?pE11640r2014-04-12 00:00:00w2014-04-12yBK